000 00590nam a2200193Ia 4500
008 120906t2004 xxu||||| |||| 00| 0 sin d
041 _asin
080 _a8-31 (eng)
_bMIC
100 _aMichael,Marjorie
245 _aදඩයක්කාරයකුගේ බිරිඳ
246 _aDadayakkarayakuge Birida
260 _aSuriya Publishers
_aColombo
_c2004
300 _b237p, 21 cm
500 _aSinhalese Translation Of Marjorie Michale's of I Married A Hunter
700 _aDissanayake,Sujiwa
_etr.
942 _cBK
999 _c40832
_d40832
003 LK-CoDNM
040 _aLK-CoDNM
_dLK-CoDNM
_eLK-CoDNM